| 000 | 00738nam a22002057a 4500 | ||
|---|---|---|---|
| 003 | 0 | ||
| 005 | 20240215092239.0 | ||
| 008 | 240215b xxu||||| |||| 00| 0 eng d | ||
| 020 | _a978-1-39860-404-9 | ||
| 050 |
_aHD 30.255 _b.G73 2022 |
||
| 100 | _aGrayson, David | ||
| 245 |
_aThe sustainable business handbook : a guide to becoming more innovative resilients and successful _cDavid Grayson |
||
| 260 |
_aLondon, United Kingdom _bKogan Page _cc2022. |
||
| 300 |
_a300 pages ; _c24 cm. |
||
| 504 | _aIncludes bibliographical references, index, and glossary. | ||
| 650 | _aIndustrial management--environmental aspects. | ||
| 650 | _aSocial responsibility of business. | ||
| 650 | _aSustainable development. | ||
| 942 |
_2lcc _cBK |
||
| 999 |
_c365929 _d365929 |
||